| 000 | 00607nam a2200193 a 4500 | ||
|---|---|---|---|
| 001 | 3425 | ||
| 005 | 20140414131854.0 | ||
| 008 | 060325s19uu xx 00 eng d | ||
| 020 | _a0-87226-339-8 | ||
| 050 |
_aM 822.3 _bM91 1990 |
||
| 100 | _aMulherin, Jennifer | ||
| 245 |
_aAs you like it / _cby Jennifer Mulherin ; illustratons by George Thompson. |
||
| 260 |
_aNew York : _bPeter Bedrick Books, _c1990. |
||
| 300 | _a31 p. : ill. ; cm. | ||
| 440 | _aShakespeare for everyone | ||
| 650 | _aShakespeare, William, 1564-1616. | ||
| 650 |
_aEnglish literature _xHistory and criticism. |
||
| 999 |
_c110354 _d110354 |
||